000 00432nam a2200205Ia 4500
001 12873
003 GE_BSU
008 181216s||||||||xx |||||||||||||| ||und||
020 _a0747267634
040 _cGE_BSU
080 _a821.111-32
100 _aEvanovich,Janet.
245 _aTo the Nines.
260 _aLondon.
260 _bHeadline.
260 _c2003
300 _a372p;18cm.
653 _aTo the Nines.
942 _cBK
999 _c46043
_d46043